000 00515nam a2200157Ia 4500
008 240729s9999 xx 000 0 und d
022 _a2199-9104
245 0 _aPacific Geographies
260 _aGermany
260 _bArbeitsgemeinschaft für Pazifische Studien e.V.
650 _a Social sciences and state - Asia (Asian studies only)
650 _aGeography. Anthropology. Recreation | Social Sciences
856 _uhttps://doaj.org/toc/e2a04487ffca48c4a1e82449f0b104d8
942 _2ddc
942 _cDOAJEJ
999 _c70491
_d70491
945 _a1
_bMadushi Gamage
_c1
_dMadushi Gamage